[Event "Taastrup Winter 2nd Nederste"]
[Site "Taastrup"]
[Date "2017.01.25"]
[Round "6"]
[White "Falkenberg, Jonas"]
[Black "Petersen, Margret"]
[Result "0-1"]
[WhiteElo "1300"]
[BlackElo "1360"]
[PlyCount "86"]
[EventDate "2016.11.11"]
[EventType "swiss"]
[EventRounds "9"]
[EventCountry "DEN"]
[SourceTitle "EXT 2024"]
[Source "ChessBase"]
[SourceDate "2023.10.10"]
[SourceVersion "1"]
[SourceVersionDate "2023.10.10"]
[SourceQuality "1"]

1. d4 d6 2. Nf3 Bf5 3. Nc3 h6 4. e4 Bh7 5. Bb5+ c6 6. Ba4 e6 7. d5 Nd7 8. dxc6 bxc6 9. Bxc6 Rc8 10. Ba4 Rc4 11. e5 d5 12. Bb5 Rg4 13. 0-0 Qb6 14. a3 a6 15. Ba4 Qa7 16. Rb1 Bc5 17. b4 Bb6 18. Qe2 Ne7 19. Be3 0-0 20. Bxd7 Bxe3 21. Qxe3 Qxd7 22. Qe2 Nf5 23. h3 Rc4 24. Rb3 Nd4 25. Nxd4 Rxd4 26. Na4 Qxa4 27. Rd1 Rxd1+ 28. Qxd1 Qc6 29. Qe2 Bxc2 30. Rb2 Be4 31. b5 Qc1+ 32. Kh2 Qf4+ 33. Kg1 Qxe5 34. b6 Qg5 35. f3 Qc1+ 36. Kh2 Bg6 37. a4 Qf4+ 38. g3 Qxa4 39. b7 Rb8 40. Qe3 Qd7 41. Qa7 Qd8 42. Rc2 Bxc2 43. Qxa6 d4 0-1

[Event "Taastrup Winter 2nd Nederste"]
[Site "Taastrup"]
[Date "2017.01.10"]
[Round "5"]
[White "Jensen, Benjamin"]
[Black "Falkenberg, Jonas"]
[Result "1-0"]
[WhiteElo "1144"]
[BlackElo "1300"]
[PlyCount "81"]
[EventDate "2016.11.11"]
[EventType "swiss"]
[EventRounds "9"]
[EventCountry "DEN"]
[SourceTitle "EXT 2024"]
[Source "ChessBase"]
[SourceDate "2023.10.10"]
[SourceVersion "1"]
[SourceVersionDate "2023.10.10"]
[SourceQuality "1"]

1. e4 e5 2. Nf3 Nc6 3. c3 Nf6 4. Bb5 d6 5. d4 Bd7 6. Bg5 Be7 7. d5 Na5 8. Bxd7+ Qxd7 9. Nbd2 0-0 10. b4 Nxe4 11. Bxe7 Qxe7 12. Nxe4 Nc4 13. 0-0 f5 14. Neg5 e4 15. Re1 Qf6 16. Nd4 Qxg5 17. Ne6 Qf6 18. Nxf8 Rxf8 19. Qb3 Nb6 20. c4 c5 21. dxc6 bxc6 22. c5+ Nd5 23. b5 dxc5 24. bxc6 Qxc6 25. Rad1 c4 26. Qa3 Rf7 27. Rd4 Rd7 28. Red1 a6 29. Qa5 Qb5 30. Qxb5 axb5 31. Rxd5 Rxd5 32. Rxd5 b4 33. Rd4 b3 34. axb3 cxb3 35. Rb4 g5 36. Rxb3 h6 37. Rb7 f4 38. f3 exf3 39. gxf3 Kh8 40. Kg2 h5 41. Rb5 1-0

[Event "Taastrup U14 4th"]
[Site "Taastrup"]
[Date "2016.05.01"]
[Round "3"]
[White "Falkenberg, Jonas"]
[Black "Andersen, Vladimir Kloster"]
[Result "0-1"]
[WhiteElo "1372"]
[BlackElo "1282"]
[PlyCount "60"]
[EventDate "2016.04.07"]
[EventType "tourn"]
[EventRounds "5"]
[EventCountry "DEN"]
[SourceTitle "EXT 2024"]
[Source "ChessBase"]
[SourceDate "2023.10.10"]
[SourceVersion "1"]
[SourceVersionDate "2023.10.10"]
[SourceQuality "1"]

1. e4 e5 2. Nf3 Nc6 3. Bc4 Nf6 4. Nc3 g6 5. 0-0 Bg7 6. d3 0-0 7. Bb5 Nd4 8. Be3 Nxb5 9. Nxb5 a6 10. Nc3 b5 11. d4 exd4 12. Qxd4 Ng4 13. Qd2 Nxe3 14. Qxe3 Bb7 15. b3 b4 16. Rab1 Bxc3 17. a3 c5 18. e5 a5 19. Qxc5 Rc8 20. Qa7 Bxf3 21. gxf3 bxa3 22. Qe3 a2 23. Ra1 Bxa1 24. Rxa1 Rxc2 25. Qf4 Rb2 26. Qa4 Rb1+ 27. Kg2 Rxa1 28. Qd4 Qg5+ 29. Qg4 Qxg4+ 30. fxg4 Rb1 0-1